000 01710cam a2200157 4500500
005 20260322000532.0
041 _afre
042 _adc
100 1 0 _aLalanne, Sophie
_eauthor
700 1 0 _aLett, Didier
_eauthor
700 1 0 _aPicco, Dominique
_eauthor
245 0 0 _aUne histoire des femmes en Europe : (des grottes aux Lumières)
260 _bArmand Colin,
_c2024.
520 _aL’histoire des femmes et du genre est un domaine de recherche en plein essor. Elle est par ailleurs devenue un objet de réflexion publique. Afin de répondre à ce mouvement fort, cet ouvrage, pensé par un collectif d’historiennes et d’historiens, offre un regard éclairé sur la place, le rôle et l’image des femmes de la Préhistoire aux révolutions européennes de la fin du XVIIIe siècle à travers de nombreux documents textuels et iconographiques.Une histoire des femmes en Europe propose plus de cent cinquantendocuments historiques commentés qui traitent des aspirations et des obstacles à une égalité entre les sexes et permettent d’écrire l’histoire des femmes à travers les siècles, mais aussi de livrer les clés de la méthode d’analyse spécifique qui s’est élaborée durant les dernières décennies.Le sujet du volume présente un intérêt scientifique notable puisqu’il se situe dans deux domaines simultanément: une histoire des femmes qui s’inscrit dans la durée et mobilise des historiennes et des historiens de toutes les périodes comprises entre la Préhistoire et l’époque moderne, mais aussi une histoire commune de l’Europe.
856 4 1 _uhttps://shs.cairn.info/une-histoire-des-femmes-en-europe--9782200636531?lang=fr&redirect-ssocas=7080
999 _c1707056
_d1707056